Kurtuluş Savaşı ile ilgili İngiliz belgeleri (Record no. 278)

MARC details
000 -BAŞLIK
Sabit Uzunlukta Kontrol Alanı 00749na a2200253 4500
001 - KONTROL NUMARASI
Denetim Alanı 15143
003 - KONTROL NUMARASI IDENTIFIER
Denetim Alanı MIRAKIL
005 - SON İŞLEM TARİHİ VE ZAMANI
Denetim Alanı 20181213154741.0
008 - SABİT-BOY VERİ ELEMANLARI - GENEL BİLGİLER
Sabit Uzunlukta Kontrol Alanı 161111b tu 000 0
035 ## - SİSTEM KONTROL NUMARASI
Sistem Kontrol Numarası 15143
040 ## - KATALOGLAMA KAYNAK
Orijinal Kataloglama Ajansı Milas
Kataloglama Dili tur
Metne Dönüştürmek Ajansı TR-AnCHP
041 ## - DİL KODU
Metin / Ses Parça Veya Ayrı Başlığın Dil Kodu tur
082 ## - DEWEY ONLU SINIFLANDIRMA NUMARASI
Sınıflandırma Numarası 956.1023
Ürün Numarası J23k 2001
090 ## - SINIFLAMA NUMARASI
Sınıflama Numarası 956.1023 J23k 2001
100 ## - ANA GİRİŞ - KİŞİSEL İSİM
Kişisel Ad Jaeschke, Gotthard
Bir Adıyla İlişkilendirilen Tarihler 1894-
245 ## - BAŞLIK TABLOSU
Başlık Kurtuluş Savaşı ile ilgili İngiliz belgeleri
Sorumluluk Tablosu, Vb Gotthard Jaeschke ; Türkçeye çeviren Cemal Köprülü
260 ## - YAYIN, DAĞITIM, VB
Yayın, Dağıtım, Vb Yeri İstanbul
Yayıncı, Dağıtıcı, Vs Adı Cumhuriyet
Yayın, Dağıtım, Vb Tarihi 2001
300 ## - FİZİKSEL TANIM
Kapsam 3 c.
Boyutlar 18 sm.
490 ## - SERİSİ TABLOSU
Seri Beyanı Kültür-Tarih Dizisi
Hacim / Ardışık Tanımı 201
650 ## - KONU KATMA GİRİŞ - TOPİKAL DÖNEM
Topikal Süreli Veya Coğrafi Ad Giriş Elemanı Reformlar
Genel Alt Bölümü Tarih
Coğrafi Alt Bölümü Türkiye
650 ## - KONU KATMA GİRİŞ - TOPİKAL DÖNEM
Topikal Süreli Veya Coğrafi Ad Giriş Elemanı Kurtuluş Savaşı
Genel Alt Bölümü Belgeler
700 ## - KATMA GİRİŞ - KİŞİSEL İSİM
Kişisel Ad Köprülü, Cemal
942 ## - EKLENDİ GİRİŞ ELEMANLARI (KOHA)
Sınıflandırma Veya Raf Düzeni Kaynak Dewey Decimal Classification
Koha Öğesi Türü Books
999 ## - SİSTEM KONTROL NUMARALARI (KOHA)
Koha Biblionumber 278
Koha Biblioitemnumber 278
Holdings
Kalıcı Konum Mevcut Konum Edinme Tarihi Edinim Kaynak Toplam Check-Out'Lar Tam Çağrı Numarası Barkod Tarih Son Görülme İtibaren Geçerli Fiyatlar Koha Öğesi Türü
CHP Kütüphanesi CHP Kütüphanesi 09/05/2016 Bağış   956.1023 J23k 2001 004068 09/05/2016 09/05/2016 Books
Parti Okulu Kütüphanesi Parti Okulu Kütüphanesi 09/05/2016 Bağış   956.1023 J23k 2001 P00722 09/05/2016 09/05/2016 Books